00717nam a2200229 a 450000100060000000300090000600800410001501500080005602000180006404000280008204100120011004300180012210000570014024500850019725000110028226000320029330000500032554100160037565000360039165000340042770000260046124571CO-ViMGA141112s2004 ck r 000 u spa d aSNN a9789589782279 aCO-ViMGAbspacCO-ViMGA aspa ger ae - sp - - - 1 aQuevedo y Villegas, Francisco Gómez de 1580 - 164510aA un hombre de gran nariz Francisco Gómez de Quevedo y Villegas e Ivar Da Coll a1a ed. aBogotá Babel Libros 2007. a1 folleto ([32] p.) ilustraciones 14 x 21 cm. 21.000; 1 c.14aLibros de imagenes para niños14aPoesía infantil española 1 aDa Coll, Ivar 1962 -